Das Menschenbild der westdeutschen Nachkriegsliteratur am Beispiel der Werke von Wolfgang Borchert und Arno Schmidt

Titel: Das Menschenbild der westdeutschen Nachkriegsliteratur am Beispiel der Werke von Wolfgang Borchert und Arno Schmidt / Karine Laganovska
Verfasser:
In: Triangulum, Band 9 (2002), Seite 203-214
alle Artikel anzeigen
Veröffentlicht: 2002
Format: Aufsatz
Sprache: Deutsch
Schlagworte:
Kein Bild verfügbar
X
alg: 11996096
001A    $04504:31-03-04 
001B    $01999:24-09-20 $t22:55:50.000 
001D    $04504:31-03-04 
001U    $0utf8 
001X    $00 
002@    $0Aou 
003@    $0119960966 
007A    $0119960966 $aHEB 
010@    $ager 
011@    $a2002 
021A    $aDas @Menschenbild der westdeutschen Nachkriegsliteratur am Beispiel der Werke von Wolfgang Borchert und Arno Schmidt $hKarine Laganovska 
028A    $7133536181 $8Laganovska, Karīne$Z1970- [Tp3] $9191579955 
031A    $d9 $h203-214 $j2002 
039B    $aIn $8--Abvc--. Triangulum. - Vilnius : Vilnius Academy of Fine Arts Press, 1994-2018. - ISSN 1406-2755 $x200200000090000797 $9048660574 
044K    $#Borchert, Wolfgang $#Borchert, W. $#Borchert, Wolff $#Borchert, Wolff Maria $#Borkherṭ, Ṿolfgang $#Borchert, Volfgang $#Borchert, Volʹfgang $#Borherts, Volfgangs $#Borchertas, Volfgangas $#Borhert, Volfgang $#Borhert, Wolfgang $#Borherti, Wolphgang $#Borśaṭa, Bolphagāṅga $#Boršarṭ, Volfgāng $#Mporchert, Bolphnkannk $#H. $#Hanning $#Tarpe $#Tarpe Beek $#Beek, Tarpe $#بورشرت، فولفجانج $#보르헤르트, 볼프강 $#ヴォルフガング・ボルヒェルト $#ボルヒェルト, ヴォルフガング $#بورشرٹ, وولفگانگ $7118513451 $8Borchert, Wolfgang$Z1921-1947 [Tp1] $9086854577 
044K    $#Schmidt, Arno $#Schmidt, Arno Otto $#Schmidt, A. $#Šmit, Arno $#Šmidt, Arno $7118608703 $8Schmidt, Arno$Z1914-1979 [Tp1] $9086949675 
044K    $RAnthropologie $RMensch $RMotiv $#Menschenbild $#Menschenbild $74074722-0 $8Menschenbild [Ts1] $9085210536 
044K    $#Reconstruction (1939-1951) $#Reconstruction d'après-guerre (2e guerre mondiale) $#Reconstrucción, 1939-1951 $#Nachkriegszeit $#Nachkriegszeit $74421423-6 $8Nachkriegszeit [Ts1] $9088659844 
045T    $a7,20 
045T    $aLING $qDE-30 $2FID 
045T    $aGER $qDE-30 $2FID 
045V    $aBorchert, Wolfgang $818.14.00$jZu einzelnen Autoren [Tkx] $911884380X 
045V    $aSchmidt, Arno $818.14.00$jZu einzelnen Autoren [Tkx] $911884380X 

lok: 11996096 62

exp: 11996096 62 1 #EPN
201B/01 $031-03-04 $t20:52:54.000 
203@/01 $0211953083 
208@/01 $a31-03-04 $be 
209A/01 $a/ $f000 $x00 
209B/01 $a2004 $x05 
247C/01 $8Frankfurt, Bibliographie der Deutschen Sprach- und Literaturwissenschaft $9113214561 
201U/01 $0utf8 

lok: 11996096 78

exp: 11996096 78 1 #EPN
201B/01 $025-03-19 $t12:41:22.000 
201C/01 $025-03-19 
201U/01 $0utf8 
203@/01 $01048656144 
208@/01 $a25-03-19 $be 
209A/01 $a/ $f000 $x00 
209A/01 $ab*p $x01 
220C/01 $apgar 
244Z/01 $#Schlesien $#Schlesien $#Herzogtum Schlesien $#Herzogtum Schlesien Schlesien $#Provinz Schlesien $#Śla̜sk $#Slezsko $#Silesia $74052678-1 $8--Tg1--Schlesien $x01 $9085146781 
247C/01 $82080>Marburg/Lahn, Herder-Institut, Forschungsbibliothek, Bibliographieportal $9336309341
LEADER 00000caa a2200000 c 4500
001 119960966
003 DE-603
005 20200924225550.0
007 tu
008 040331s2002 xx |||| | u00||u|ger c
035 |a (DE-599)HEB119960966 
040 |a DE-603  |b ger  |c DE-603  |d DE-603 
041 |a ger 
084 |a 7,20  |2 ssgn 
084 |a LING  |q DE-30  |2 fid 
084 |a GER  |q DE-30  |2 fid 
100 1 |a Laganovska, Karīne  |d 1970-  |0 (DE-603)191579955  |0 (DE-588)133536181  |2 gnd 
245 0 0 |a ˜Dasœ Menschenbild der westdeutschen Nachkriegsliteratur am Beispiel der Werke von Wolfgang Borchert und Arno Schmidt  |c Karine Laganovska 
264 0 |c 2002 
600 1 7 |a Borchert, Wolfgang  |d 1921-1947  |0 (DE-588)118513451  |0 (DE-603)086854577  |2 gnd 
600 1 7 |a Schmidt, Arno  |d 1914-1979  |0 (DE-588)118608703  |0 (DE-603)086949675  |2 gnd 
650 7 |a Menschenbild  |0 (DE-588)4074722-0  |0 (DE-603)085210536  |2 gnd 
650 7 |a Nachkriegszeit  |0 (DE-588)4421423-6  |0 (DE-603)088659844  |2 gnd 
773 0 8 |i In  |t Triangulum  |d Vilnius : Vilnius Academy of Fine Arts Press, 1994-2018  |x 1406-2755  |g Band 9 (2002), Seite 203-214  |w (DE-603)048660574  |w (DE-600)1237351-5 
924 0 |9 603  |a (DE-603)211953083  |b DE-603  |c HES  |d d 
924 0 |9 2080  |a (DE-603)1048656144  |b DE-2080  |c HES  |d d  |g /